| 000 | 00827nam a22001337a 4500 | ||
|---|---|---|---|
| 040 | _cRUA | ||
| 082 | _aLMA THO 2010 B292 Or.1 | ||
| 100 | _aTHOEUN DANY ; ធឿន ដានី | ||
| 245 | _aStudy on land use planning in lang concession area in sambok and hangkrang communes, chetborei district, kratie province, ការសិក្សាផែនការប្រើប្រាស់ដីធ្លី ក្នុងតំបន់ដីសម្បទានសង្គមកិច្ច នៅឃុំសំបុក និងឃុំចង្រង់ ស្រុកចិត្របិរី ខេត្តក្រចេះ. | ||
| 260 |
_aPhnom Penh _bRUA _c2010 |
||
| 300 |
_ax ;45p. _bill. _c29cm. |
||
| 856 | _uhttps://drive.google.com/file/d/1psodhAAxSLAaRnjnmVsZn611cG1wv_OE/view?usp=sharing | ||
| 942 | _cLMA | ||
| 999 |
_c5509 _d5509 |
||